FIFA Men's World 11 2005-2024 - Statistics

General Stats
  • This quiz has been taken 1,480 times
    554 since last reset
  • The average score is 71 of 89
Answer Stats
Answer % Correct
Cristiano Ronaldo
100%
Lionel Messi
99%
Erling Haaland
98%
Kylian Mbappé
98%
Luka Modrić
98%
Gianluigi Buffon
97%
Kevin De Bruyne
97%
Virgil van Dijk
97%
Robert Lewandowski
96%
Thibaut Courtois
96%
Andrés Iniesta
95%
Iker Casillas
95%
Manuel Neuer
95%
Neymar
95%
Xavi
95%
Vinícius Júnior
94%
Sergio Ramos
92%
Ederson
91%
Toni Kroos
91%
Achraf Hakimi
90%
Gianluigi Donnarumma
90%
Philipp Lahm
90%
Samuel Eto'o
90%
Bernardo Silva
89%
Didier Drogba
89%
Luis Suárez
89%
Zlatan Ibrahimović
88%
Alphonso Davies
87%
Marcelo
87%
Rodri
87%
Ronaldinho
87%
Thiago Silva
87%
Thierry Henry
87%
Zinedine Zidane
87%
Alisson Becker
86%
Andriy Shevchenko
86%
David Alaba
86%
Gerard Piqué
85%
Paolo Maldini
85%
Dani Alves
84%
Wayne Rooney
84%
Arjen Robben
83%
Jude Bellingham
82%
Rúben Dias
82%
Carles Puyol
81%
David Villa
81%
Eden Hazard
81%
Frank Lampard
81%
John Stones
81%
Nemanja Vidić
81%
N'Golo Kanté
81%
Steven Gerrard
81%
Fernando Torres
80%
Kaká
78%
Karim Benzema
77%
Leonardo Bonucci
77%
Paul Pogba
77%
Ángel Di María
76%
John Terry
76%
David de Gea
75%
Radamel Falcao
75%
Dani Carvajal
74%
Fabio Cannavaro
74%
Kyle Walker
74%
Dida
73%
Franck Ribéry
73%
Frenkie de Jong
73%
Antonio Rudiger
72%
Joshua Kimmich
72%
Andrea Pirlo
71%
Casemiro
71%
Rio Ferdinand
71%
Trent Alexander-Arnold
71%
Raphaël Varane
69%
Wesley Sneijder
68%
Alessandro Nesta
67%
João Cancelo
67%
Cafu
66%
Matthijs de Ligt
66%
Xabi Alonso
66%
Jorginho
65%
David Luiz
62%
Thiago Alcântara
55%
Claude Makélélé
50%
Lilian Thuram
48%
Maicon
48%
Patrice Evra
48%
Lúcio
47%
Gianluca Zambrotta
45%
No matching quizzes found
Score Distribution
Percent of People with Each Score
Percentile by Number Answered
Your Score History
You have not taken this quiz since the last reset